[Event "AUTO-ADV-4880"]
[Site "http://www.queenalice.com/game.php?id=1860695"]
[Date "2025.7.27"]
[Round "1"]
[White "jagiellonczyk"]
[Black "EdsonEstevam"]
[Result "1-0"]
[WhiteElo "2001"]
[BlackElo "1750"]

1. e4 e5 2. Nf3 Nc6 3. Nc3 h6 4. Bb5 Nge7 5. O-O b6 6. Bxc6 dxc6 7. Nxe5 Ba6 8.
d3 f6 9. Nf3 c5 10. Re1 b5 11. Ne2 g5 12. h3 h5 13. Nh2 g4 14. hxg4 hxg4 15.
Nxg4 f5 16. exf5 Nxf5 17. Ng3+ Ne7 18. Bg5 Rh7 19. Nf6+ Kf7 20. Nxh7 Kg6 21.
Qh5+ Kg7 22. Bf6+ Kg8 23. Rxe7 Bb7 24. Qf7# 1-0

[Event "AUTO-ADV-4880"]
[Site "http://www.queenalice.com/game.php?id=1860696"]
[Date "2025.7.27"]
[Round "1"]
[White "EdsonEstevam"]
[Black "jagiellonczyk"]
[Result "0-1"]
[WhiteElo "1773"]
[BlackElo "2039"]

1. e4 e5 2. Bc4 Bc5 3. d3 Nf6 4. h3 d6 5. Bg5 Nbd7 6. Nf3 O-O 7. Nc3 Re8 8. Qd2
a6 9. a3 b5 10. Bb3 c6 11. O-O-O Qb6 12. d4 exd4 13. Ne2 Rxe4 14. Bxf6 Nxf6 15.
Ng5 Re7 16. Nf4 d5 17. h4 Ne4 18. Qd3 h6 19. f3 hxg5 20. hxg5 Nxg5 21. Rh5 Re3
22. Qd2 Qd8 23. g4 g6 24. Rh6 Nxf3 25. Qf2 Bxg4 26. Rdh1 Kg7 27. Ng2 Re4 28. c3
Qg5+ 29. Kb1 Nd2+ 30. Ka2 Bh5 31. R1xh5 gxh5 32. Rxc6 Nxb3 33. Kxb3 Qe7 34. Nf4
Re5 35. cxd4 Re3+ 36. Ka2 Bxd4 37. Nxh5+ Kf8 38. Qf4 Qe5 39. Qh6+ Ke7 40. Rc2
Rh3 41. Qc6 Ra7 42. Rg2 Rxh5 43. Rg8 Rh8 44. Rg2 Rh2 45. Rxh2 Qxh2 0-1

[Event "AUTO-ADV-4881"]
[Site "http://www.queenalice.com/game.php?id=1860822"]
[Date "2025.7.30"]
[Round "1"]
[White "jagiellonczyk"]
[Black "maurice916"]
[Result "1-0"]
[WhiteElo "2026"]
[BlackElo "1688"]

1. e4 c6 2. d4 d5 3. Nc3 dxe4 4. Nxe4 Nf6 5. Ng3 Bg4 6. Be2 Bxe2 7. N3xe2 e6 8.
Nf3 Bb4+ 9. c3 Ba5 10. Bg5 h6 11. Bh4 g5 12. Bg3 O-O 13. h3 Nbd7 14. O-O Ne4 15.
Qc2 f5 16. Rfe1 c5 17. Qb3 Qe7 18. Qxb7 Bb6 19. Ne5 Rad8 20. Nc6 Qf6 21. Nxd8
Qxd8 22. Rad1 Rf7 23. f3 Nef6 24. Kh1 Ne5 25. Qa6 Ng6 26. dxc5 Qxd1 27. Rxd1
Bxc5 28. Qxe6 Kg7 29. Be5 Re7 30. Bxf6+ 1-0

[Event "AUTO-ADV-4881"]
[Site "http://www.queenalice.com/game.php?id=1860837"]
[Date "2025.7.30"]
[Round "1"]
[White "mvson33"]
[Black "jagiellonczyk"]
[Result "0-1"]
[WhiteElo "1877"]
[BlackElo "2040"]

1. d4 d5 2. Nf3 Nf6 3. e3 Nc6 4. Be2 Bg4 5. O-O e6 6. b3 Bd6 7. Bb2 O-O 8. Nbd2
a6 9. c4 dxc4 10. Nxc4 b5 11. Ncd2 Re8 12. Qc2 Ne7 13. Rac1 Ned5 14. Rfe1 Nb4
15. Qb1 Bf5 16. e4 Bg6 17. Qa1 Nxe4 18. Nxe4 Bxe4 19. Red1 f5 20. Ne5 Nc2 21.
Rxc2 Bxc2 22. Rc1 Bxe5 23. dxe5 Be4 24. Rd1 Qg5 25. g3 Qh6 26. Bf1 Qh5 27. Bg2
Rad8 28. Rf1 Bc2 29. Bc3 Rd1 30. Rxd1 Qxd1+ 31. Qxd1 Bxd1 32. Kf1 c5 33. Ke1 Bc2
34. Kd2 Bb1 35. a3 Rd8+ 36. Kc1 Bd3 37. Bb7 Kf7 38. Bxa6 Ra8 39. Bb7 Rxa3 40.
Kb2 Ra7 41. Bf3 g5 42. Bd2 h6 0-1

[Event "AUTO-ADV-4881"]
[Site "http://www.queenalice.com/game.php?id=1860838"]
[Date "2025.7.30"]
[Round "1"]
[White "jagiellonczyk"]
[Black "mvson33"]
[Result "0-1"]
[WhiteElo "2049"]
[BlackElo "1878"]

1. e4 e5 2. Nf3 Nc6 3. Nc3 d6 4. Bc4 Be7 5. O-O Nf6 6. d3 O-O 7. Bg5 Bg4 8. Be3
Bxf3 9. Qxf3 Qd7 10. Nd5 Rae8 11. Qg3 Kh8 12. Bg5 Nd4 13. Kh1 Nxc2 14. Rac1 Nd4
15. Bxf6 Bxf6 16. Nxf6 gxf6 17. Qe3 f5 18. exf5 Qxf5 19. Bd5 c6 20. Be4 Qf6 21.
Qh3 Qg7 22. Rfe1 f5 23. Bf3 Nxf3 24. Qxf3 f4 25. b4 Rg8 26. Rg1 Qg4 27. Qxg4
Rxg4 28. a3 Reg8 29. Rcd1 h5 30. d4 h4 31. dxe5 dxe5 32. Rd7 R8g7 33. Rxg7 Kxg7
34. Rd1 Kf6 35. Rd7 Rg7 36. Rd8 Ke6 37. Rh8 Rd7 38. h3 Rd2 39. f3 Ra2 40. Rh7
Rxa3 41. Rxb7 Kd6 42. Rh7 Ra4 43. Rxh4 Rxb4 44. Rh6+ Kd5 45. h4 a5 46. Rh8 a4
47. Rd8+ Kc4 48. Ra8 Kb3 49. h5 a3 50. h6 Rb7 0-1

[Event "AUTO-ADV-4881"]
[Site "http://www.queenalice.com/game.php?id=1860847"]
[Date "2025.7.30"]
[Round "1"]
[White "SGF"]
[Black "jagiellonczyk"]
[Result "0-1"]
[WhiteElo "1682"]
[BlackElo "2030"]

1. e4 e5 2. Qf3 Nf6 3. d3 Nc6 4. c3 Bc5 5. Be2 O-O 6. Qg3 Kh8 7. Bg5 Be7 8. h4
d6 9. Bh6 gxh6 10. Nf3 Rg8 11. Qh2 Ng4 12. Qg3 Ne3 13. Ng5 Nxg2+ 14. Qxg2 hxg5
15. hxg5 Bxg5 16. Qh2 Rg7 17. Nd2 Be6 18. Nf3 Bf4 19. Qh4 Qxh4 20. Rxh4 Bg4 21.
Ng1 Be6 22. Kf1 Rag8 23. Nf3 Bg4 24. Nh2 Bxh2 25. Rxh2 Bh3+ 26. Ke1 Rg1+ 27. Kd2
Rxa1 28. Rxh3 Rxa2 29. Kc2 Rg2 30. Rf3 Nd8 31. Bf1 Rg7 32. Kb3 Ra1 33. Bh3 a5
34. Kc2 a4 35. Rf5 a3 36. bxa3 Rxa3 37. Kb2 Ra5 38. Kb3 Ne6 39. Kb4 b6 40. Rh5
Nf4 41. Rh4 Nxd3+ 42. Kb3 Nxf2 43. Bf5 Rc5 44. c4 Ra5 45. Rh2 Nd3 46. Rh6 Nc5+
47. Kb4 Ra1 48. Kb5 Rc1 49. Kc6 Rxc4 50. Kxc7 Nxe4+ 51. Kxb6 d5 52. Bxe4 dxe4
53. Rh4 f5 54. Kb5 Rc1 55. Rh5 Rb7+ 56. Ka6 Rb2 57. Rxf5 Ra1# 0-1

[Event "AUTO-ADV-4881"]
[Site "http://www.queenalice.com/game.php?id=1860848"]
[Date "2025.7.30"]
[Round "1"]
[White "jagiellonczyk"]
[Black "SGF"]
[Result "1-0"]
[WhiteElo "2028"]
[BlackElo "1684"]

1. e4 e5 2. Nf3 Qf6 3. Nc3 c6 4. Bc4 d6 5. O-O Be7 6. d3 b5 7. Bb3 a5 8. a3 Qg6
9. Bd2 Bh3 10. Bxf7+ Kxf7 11. Nxe5+ dxe5 12. Qf3+ Bf6 13. Qxh3 Ne7 14. Qf3 Nd7
15. Ne2 a4 16. d4 h5 17. Bc3 exd4 18. Bxd4 c5 19. Bc3 h4 20. e5 Ra6 21. exf6
gxf6 22. Qb7 h3 23. Nf4 Qg5 24. Qxa6 Qxf4 25. Qb7 Qg4 26. Rad1 Rd8 27. Rd3 hxg2
28. Qxg2 Qxg2+ 29. Kxg2 c4 30. Rf3 Nc5 31. Rxf6+ Kg8 32. Re1 Rd7 33. Bb4 Kg7 34.
Rf3 Rc7 35. Bxc5 Rxc5 36. Rxe7+ Kg6 37. Re8 Rg5+ 38. Rg3 Rxg3+ 39. fxg3 Kf7 40.
Re5 Kf6 41. Rxb5 Ke6 42. Rb4 Kd5 43. Rxa4 Kc5 44. g4 Kb5 45. Rb4+ Kc5 46. Kf3
Kd4 47. g5 Kc5 48. g6 Kd5 49. g7 Kd4 50. g8=Q Kc5 51. Qe6 Kd4 52. Rxc4# 1-0

[Event "AUTO-ADV-4882"]
[Site "http://www.queenalice.com/game.php?id=1860980"]
[Date "2025.8.3"]
[Round "1"]
[White "MMA34"]
[Black "jagiellonczyk"]
[Result "0-1"]
[WhiteElo "2032"]
[BlackElo "2091"]

1. e4 e5 2. Nf3 Nc6 3. Bb5 Nf6 4. O-O Bc5 5. h3 d6 6. d3 O-O 7. Bg5 Nb8 8. c3 c6
9. Ba4 Nbd7 10. b4 Bb6 11. Nbd2 a6 12. Re1 Qc7 13. c4 Ba7 14. Qc2 b5 15. cxb5
axb5 16. Bb3 Re8 17. Rac1 Bb7 18. Nb1 h6 19. Bh4 Nh7 20. Na3 Bxf2+ 21. Qxf2 Rxa3
22. Nd2 Ndf6 23. Nb1 Ra6 24. Re3 Rf8 0-1

[Event "AUTO-ADV-4882"]
[Site "http://www.queenalice.com/game.php?id=1860981"]
[Date "2025.8.3"]
[Round "1"]
[White "jagiellonczyk"]
[Black "MMA34"]
[Result "1-0"]
[WhiteElo "2076"]
[BlackElo "2047"]

1. e4 c5 2. Nf3 d6 3. d4 cxd4 4. Nxd4 Nc6 5. Bb5 Qb6 6. Bxc6+ bxc6 7. O-O Nf6 8.
Nc3 e5 9. Nf5 g6 10. Nxd6+ Bxd6 11. Qxd6 Nd7 12. Bg5 f6 13. Bxf6 Nxf6 14. Qxf6
Rg8 15. Qxe5+ Kf7 16. Na4 Qd8 17. Rfd1 Qe7 18. Qxe7+ Kxe7 19. Re1 Bd7 20. Rad1
Rgd8 21. Nc5 Be8 22. a3 Rab8 23. b4 Bf7 24. e5 Bd5 25. Rc1 Rf8 26. c4 Bg8 27.
Red1 Rfd8 28. Rxd8 Rxd8 29. h3 Rd4 30. Nb3 Rxc4 31. Rxc4 Bxc4 32. Na5 Bd5 33. f4
Ke6 34. Kf2 h5 35. g3 Kf5 36. Nb7 Ke6 37. Nd6 1-0

[Event "AUTO-ADV-4882"]
[Site "http://www.queenalice.com/game.php?id=1860996"]
[Date "2025.8.3"]
[Round "1"]
[White "Rafale2000"]
[Black "jagiellonczyk"]
[Result "0-1"]
[WhiteElo "1960"]
[BlackElo "2032"]

1. e4 e5 2. Nf3 Nc6 3. d4 exd4 4. Bc4 Bb4+ 5. Bd2 Bxd2+ 6. Qxd2 Nf6 7. O-O d6 8.
Nxd4 Nxd4 9. Qxd4 O-O 10. Nc3 Re8 11. f4 a6 12. e5 Ng4 13. h3 Nh6 14. Rad1 Nf5
15. Qd3 g6 16. g4 Ng7 17. exd6 cxd6 18. Qxd6 Qh4 19. Kg2 Bxg4 20. hxg4 Qxg4+ 21.
Kh2 Nf5 22. Qd7 Qh4+ 23. Kg1 Qg3+ 24. Kh1 Re7 25. Qd2 Ne3 26. Qe2 Nxf1 27. Qxf1
Rae8 28. Be2 b5 29. Re1 Re3 30. Nd5 Qh4+ 0-1

[Event "AUTO-ADV-4882"]
[Site "http://www.queenalice.com/game.php?id=1860997"]
[Date "2025.8.3"]
[Round "1"]
[White "jagiellonczyk"]
[Black "Rafale2000"]
[Result "1-0"]
[WhiteElo "2106"]
[BlackElo "1966"]

1. e4 Nf6 2. Nc3 d5 3. exd5 Nxd5 4. Ne4 Bf5 5. Ng3 Bg6 6. Bc4 e6 7. d3 Nb6 8.
Bb3 a5 9. a4 Be7 10. Nf3 O-O 11. O-O c5 12. Ne5 N8d7 13. Nf3 Qc7 14. Re1 Rfd8
15. Be3 Nf6 16. Qe2 Ng4 17. h3 Nxe3 18. Qxe3 Nd5 19. Bxd5 Rxd5 20. Ne5 Bd6 21.
Nxg6 hxg6 22. Ne4 Re5 23. Qd2 Be7 24. b3 Re8 25. Qc3 f5 26. Ng3 Bf6 27. Qc4
Rxe1+ 28. Rxe1 Be5 29. Nf1 Kf7 30. g3 Rd8 31. f4 Rd4 32. Qc3 Re4 33. fxe5 Rd4
34. Qd2 Qc6 35. Qg5 b5 36. axb5 Qxb5 37. Qd2 Qb7 38. Qxa5 Qd5 39. Ne3 Qxe5 40.
Kg2 g5 41. Nc4 Qd5+ 42. Kh2 Kf6 43. Re5 Qf3 44. Qe1 f4 45. Rxe6+ 1-0

[Event "AUTO-ADV-4882"]
[Site "http://www.queenalice.com/game.php?id=1861007"]
[Date "2025.8.3"]
[Round "1"]
[White "jagiellonczyk"]
[Black "jogo"]
[Result "1-0"]
[WhiteElo "2064"]
[BlackElo "1768"]

1. e4 c5 2. Nf3 d6 3. Nc3 a6 4. Bc4 e6 5. O-O b5 6. Be2 Nf6 7. d3 b4 8. Nb1 Nc6
9. Bg5 Be7 10. Be3 h6 11. Nbd2 Qc7 12. d4 cxd4 13. Bxd4 1-0

[Event "AUTO-ADV-4883"]
[Site "http://www.queenalice.com/game.php?id=1861223"]
[Date "2025.8.7"]
[Round "1"]
[White "jogo"]
[Black "jagiellonczyk"]
[Result "0-1"]
[WhiteElo "1760"]
[BlackElo "2072"]

1. e4 e5 2. Nf3 Nc6 3. c3 Nf6 4. Qa4 Bc5 5. d4 exd4 6. cxd4 Bb6 7. d5 Ne7 8. Bd3
O-O 9. Nc3 d6 10. h3 Bd7 11. Qc2 c6 12. e5 dxe5 13. Nxe5 Nexd5 0-1

[Event "AUTO-ADV-4883"]
[Site "http://www.queenalice.com/game.php?id=1861224"]
[Date "2025.8.7"]
[Round "1"]
[White "jagiellonczyk"]
[Black "jogo"]
[Result "1-0"]
[WhiteElo "2068"]
[BlackElo "1764"]

1. e4 c5 2. Nf3 d6 3. d4 cxd4 4. Nxd4 Nf6 5. Nc3 Nc6 6. Bb5 Bd7 7. Nf3 Bg4 8.
O-O h6 9. Re1 e6 10. Bf4 e5 11. Bg3 Be6 12. Bxc6+ bxc6 13. a3 Nh5 14. Nxe5 dxe5
15. Qxh5 Bd6 16. Red1 1-0

[Event "AUTO-ADV-4883"]
[Site "http://www.queenalice.com/game.php?id=1861237"]
[Date "2025.8.7"]
[Round "1"]
[White "Zero007"]
[Black "jagiellonczyk"]
[Result "0-1"]
[WhiteElo "2082"]
[BlackElo "2114"]

1. e4 e5 2. Nf3 Nc6 3. Bb5 Nf6 4. O-O d6 5. d4 exd4 6. Nxd4 Bd7 7. Nxc6 Bxc6 8.
Nc3 Bxb5 9. Nxb5 Be7 10. Bg5 O-O 11. Re1 a6 12. Nd4 Nd7 13. Bxe7 Qxe7 14. Nf5
Qf6 15. Re3 Qxb2 16. Rb3 Qe5 17. Rxb7 Qxe4 18. Nxd6 Qc6 0-1

[Event "AUTO-ADV-4883"]
[Site "http://www.queenalice.com/game.php?id=1861247"]
[Date "2025.8.7"]
[Round "1"]
[White "jagiellonczyk"]
[Black "game"]
[Result "1-0"]
[WhiteElo "2026"]
[BlackElo "1626"]

1. e4 e5 2. Nf3 Nc6 3. Nc3 d6 4. Bb5 Qf6 5. Bxc6+ bxc6 6. d3 Qg6 7. O-O Bh3 8.
Nh4 Qf6 9. Nf3 Qg6 10. Ng5 Be6 11. Be3 f6 12. Nxe6 Qf7 13. Nxf8 Kxf8 14. Ne2 Nh6
15. Bxh6 gxh6 16. Ng3 a5 17. Nf5 Qg6 18. Re1 Rg8 19. Ng3 h5 20. Qxh5 Qg7 21. Kh1
Rb8 22. b3 Ke7 23. Nf5+ 1-0

[Event "AUTO-ADV-4883"]
[Site "http://www.queenalice.com/game.php?id=1861248"]
[Date "2025.8.7"]
[Round "1"]
[White "game"]
[Black "jagiellonczyk"]
[Result "0-1"]
[WhiteElo "1630"]
[BlackElo "2028"]

1. e4 e5 2. Nf3 Nc6 3. Bc4 Bc5 4. d3 h6 5. O-O d6 6. b3 Nf6 7. Be3 Bxe3 8. fxe3
Bg4 9. Nc3 O-O 10. Qb1 a6 11. Nh4 Nxe4 12. Nxe4 Qxh4 13. a4 Qd8 14. Nf2 Bd7 15.
Ne4 Ne7 16. a5 d5 17. Bxd5 Nxd5 18. Re1 Bf5 19. c4 Ne7 20. Qb2 Qxd3 21. Nf2 Qd6
22. Red1 Qf6 23. g4 Bg6 24. Rd7 Rac8 25. Qa3 Nc6 26. Rad1 Qg5 27. Qc5 Bh5 28.
Ne4 Qxg4+ 29. Ng3 Qg5 30. R7d3 Bxd1 31. Rxd1 Ne7 32. Kh1 Nf5 33. Qxe5 Nxg3+ 34.
Qxg3 Qxg3 35. hxg3 Rcd8 36. Rd4 Rxd4 37. exd4 Re8 38. Kh2 Re3 39. b4 Rb3 40. b5
axb5 41. c5 Rd3 42. a6 bxa6 0-1

[Event "AUTO-ADV-4884"]
[Site "http://www.queenalice.com/game.php?id=1861413"]
[Date "2025.8.10"]
[Round "1"]
[White "jagiellonczyk"]
[Black "Castling"]
[Result "1-0"]
[WhiteElo "2047"]
[BlackElo "1881"]

1. e4 e5 2. Nf3 d6 3. Nc3 a6 4. Bc4 h6 5. O-O Nf6 6. h3 Qe7 7. d3 Be6 8. Bxe6
Qxe6 9. Re1 Nc6 10. Ne2 O-O-O 11. Ng3 Be7 12. Nf5 g6 13. Nxh6 Nd4 14. Nh2 Bf8
15. N6g4 Be7 16. Ne3 Kb8 17. c3 Nc6 18. b4 b5 19. a4 Na7 20. axb5 Nxb5 21. c4
Nd4 22. Rxa6 Kb7 23. b5 Ra8 24. Qa4 Rhb8 25. Bb2 Rxa6 26. Qxa6# 1-0

[Event "AUTO-ADV-4884"]
[Site "http://www.queenalice.com/game.php?id=1861414"]
[Date "2025.8.10"]
[Round "1"]
[White "Castling"]
[Black "jagiellonczyk"]
[Result "0-1"]
[WhiteElo "1784"]
[BlackElo "2144"]

1. e4 e5 2. Bc4 Nf6 3. d3 d6 4. h3 Be7 5. Nf3 O-O 6. Nc3 Nbd7 7. Be3 c6 8. Qd2
Re8 9. O-O-O a5 10. a3 b5 11. Ba2 b4 12. Nb1 d5 13. a4 Nh5 14. Ng5 h6 15. Nf3 d4
16. Bxh6 gxh6 17. Qxh6 Ng7 18. Qd2 Bf6 19. Bb3 Nc5 20. g4 Nxb3+ 21. cxb3 Be6 22.
Kc2 Qc7 23. g5 Be7 24. Rdg1 Nh5 25. g6 Nf4 26. gxf7+ Kxf7 27. Ng5+ Bxg5 28. Rxg5
Rg8 29. Rxg8 Rxg8 30. Qd1 Kf6 31. Rg1 Qf7 32. Nd2 Rxg1 33. Qxg1 Nxh3 34. Qg2 Ke7
35. Nc4 Bxc4 36. bxc4 Qxf2+ 37. Qxf2 Nxf2 38. b3 c5 39. Kd2 Kf6 40. Ke2 Ng4 41.
Kf3 Kg5 42. Kg3 Ne3 43. Kf3 Nc2 44. Ke2 Kf4 45. Kd2 Na1 46. Kc1 Ke3 47. Kb2 Nxb3
48. Kxb3 Kxd3 0-1